书目信息 |
| 书名: | STEPHEN ROACH ON THE NEXT ASIA | |
| 作者: | STEPHEN S.ROACH | |
| 分册号: | ||
| 分册名: | 出版地: | Canada |
|
| 出版社: | WILEY | |
| 出版时间: | 2009 | |
| 页数: | 414P | |
| 开本: | 22CM | |
| 丛书名: | ||
| 中图分类号: | ||
| 科图分类号: | ||
| 其他分类号: | F114 | |
| 主题词: | ||
| 电子资源: | ||
| 000 | 00382nam0 2200145 450 | |
| 001 | 202012000354 | |
| 005 | 20121107154606.0 | |
| 008 | 12101801s | |
| 020 | @a9780470446997@c$39.95 | |
| 099 | @dF114@eS831 | |
| 245 | 10 | @aSTEPHEN ROACH ON THE NEXT ASIA@cSTEPHEN S.ROACH |
| 260 | 0 | @aCanada@bWILEY@c2009 |
| 300 | @a414P@c22CM | |
| 905 | @b7384-5 | |
| 905 | @aTSG@dF114@eS831 | |
| STEPHEN ROACH ON THE NEXT ASIA / STEPHEN S.ROACH.-Canada : WILEY , 2009 |
| 414P ; 22CM |
| ISBN 9780470446997$39.95 |
| ● |
| 相关链接 |
|
|
|
正题名:STEPHEN ROACH ON THE NEXT ASIA
索取号:F114/S831
 
预约/预借
| 序号 | 登录号 | 条形码 | 馆藏地/架位号 | 状态 | 备注 |
| 1 | 7384 | 300073845 | 社科库409/400A自科库 15排1列5层/ [索取号:F114/S831] | 在馆 | |
| 2 | 7385 | 300073854 | 社科库409/400A自科库 15排1列5层/ [索取号:F114/S831] | 在馆 |